| 000 | 01148naa a22003257a 4500 | ||
|---|---|---|---|
| 001 | BR8903761 | ||
| 003 | BR-BrBNA | ||
| 005 | 20240918180512.0 | ||
| 007 | ta | ||
| 008 | 230509b bl.||||| |||| 00| 0 por d | ||
| 040 |
_aBR-BrBNA _bpor _cBiblioteca Nacional de Agricultura |
||
| 041 | _a(Pt) | ||
| 072 |
_aL73; L74 _b5212 _b5100 _b5300 _b4100 |
||
| 090 | _aL73 BR8903761 | ||
| 100 | 1 | _aLeite, R.C. | |
| 111 | 1 |
_a2. Simposio Nacional de Reproducao Animal _cBelo Horizonte, MG (Brazil) _d12-18 Sep 1976 |
|
| 245 | 1 | _aTecnicas de colheita e remessa de material para exame laboratorial | |
| 260 | 3 |
_aBelo Horizonte, MG (Brasil): _c1976. |
|
| 500 | _aAnais do 2. Simposio Nacional de Reproducao Animal Belo Horizonte, MG (Brasil): 1976. p. 165-170 (BR8903761-AM)L73 | ||
| 650 | _aBOVINO | ||
| 650 | _aEQUINO | ||
| 650 | _aSUINO | ||
| 650 | _aINFECCAO | ||
| 650 | _aDISTURBIO ANIMAL | ||
| 650 | _aDISTURBIO GENETICO | ||
| 650 | _aINTOXICACAO | ||
| 773 | 0 |
_tAnais do 2. Simposio Nacional de Reproducao Animal _wL73 BR8903761 _gBelo Horizonte, MG (Brasil), 1976. p. 165-170 |
|
| 909 |
_a202404 _bLucia _c55 _dLucia Elande |
||
| 942 |
_cAM _2AGRIS |
||
| 999 |
_c320724 _d320724 |
||